000 00331nam a2200121Ia 4500
008 240731s9999 xx 000 0 und d
022 _a1916-0615
245 0 _aINFOR: Information Systems and Operational Research
260 _bTaylor & Francis
856 _uhttps://www.tandfonline.com/loi/tinf20
942 _2ddc
942 _cTFEJ
999 _c76916
_d76916
945 _a1
_bMadushi Gamage
_c1
_dMadushi Gamage